000 02352nam a22002417a 4500
999 _c63271
_d63271
003 Ge_BSU
005 20250714173250.0
008 250714s2025 ge ||||| |||| 00| 0 geo d
041 _ageo
080 _a33 მ-58
100 _aმესხიძე, ზანდა
_925644
245 _aსასურსათო უსაფრთხოებისა და კვების ინდუსტრიის კონკურენტუნარიანობის ამაღლების სტრატეგიები ( აჭარის ავტონომიური რესპუბლიკის მაგალითზე) :
_b დისერტაცია / ნაშრომი შესრულებულია ბიზნესის ადმინისტრირების დოქტორის აკადემიური ხარისხის მოსაპოვებლად :
_cზანდა მესხიძე, სამეცნ.ხელმძღ.რეზო მანველიძე
264 _aბათუმი:
_bბათუმის შოთა რუსთაველსი სახელმწიფო უნივერსიტეტი,
_c2025.
300 _a160 გვ.:
_bცხრ;
_c30 სმ.
504 _a150გვ-160გვ.
653 _aსასურსათო საფრთხოებისა და კვების ინდუსტრიის კონკურენტუნარიანობის ამაღლების სტრატეგიები
653 _aეკონომიკა
653 _aდისერტაცია
700 _aმანველიძე,რეზო
_eსამეცნიერო ხელმძღვანელი
_925645
710 _aბათუმის შოთა რუსთაველის სახელმწიფო უნივერსიტეტი ეკონომიკისა და ბიზნესის ფაკულტეტი
_912854
710 _aბიზნესის ადმინისტრირების, მენეჯმენტის და მარკეტინგის დარგობრივი დეპარტამენტი
_925646
942 _2udc
_cDS